| 000 | 00738nam a22001937a 4500 | ||
|---|---|---|---|
| 999 |
_c174310 _d174310 |
||
| 005 | 20200603144635.0 | ||
| 010 | _aUR-10779 | ||
| 020 |
_c298.00 _a9789389002270 |
||
| 035 | _aU-9334 | ||
| 037 |
_bDBAD/PUB _a- |
||
| 082 | _a840.8 | ||
| 100 | _aقيا م نير | ||
| 245 |
_aمعر و ف و غير معر و ف ا فسا نہ نگا ر و ں کی ا فسا نو ی خد ما ت _cقيا م نير |
||
| 246 |
_bMaroof Wa Ghar Maroof Afsananigaron Ki Afsanvi Khidmaat (Urdu) _aby Qayam Naiyar |
||
| 260 |
_aDelhi _bEducational Publishing House _c2019 ء |
||
| 270 |
_a3191,Vakil Street,Kucha Pandit Lal Kuan, _bDelhi _e110006 _k23216162 _l- |
||
| 300 |
_a516 ص _c22 Cm(Hb) |
||
| 942 |
_2ddc _cUR _h840.8 _mق ی ا |
||